| 000 | 00714nam a22001817a 4500 | ||
|---|---|---|---|
| 005 | 20170801155312.0 | ||
| 010 | _aENG-119500 | ||
| 020 |
_c325.00 _a9788184654615 |
||
| 035 | _aEN-103032 | ||
| 037 | _bDBAD/PUB | ||
| 082 | _a280.660082 | ||
| 100 | _aJoseph, Mary Shruti | ||
| 245 |
_aThe role of consecrated women in the missionary activity of the church: _cby Mary Shruti Joseph _ba missiological study in the context of Bihar, North India / |
||
| 260 |
_aDelhi _bThe Indian Society for Promoting Christian Knowlewdge(ISPCK)) _c2014 |
||
| 270 |
_a1585,1654 Madarsa Road Kashmere Gate _bDelhi _e110006 |
||
| 300 |
_axxiii,284p. : _c24cm(pbk) _bill (maps) |
||
| 942 |
_2ddc _cEN _mJOS _h280.660082 |
||
| 999 |
_c143029 _d143029 |
||